Top 10 países con más bosques de Europa - Estadísticas

Estadísticas generales
  • Esta prueba ha sido intentada 5.417 veces
    5.330 desde el último reinicio
  • La puntuación promedio es 9 de 10
Estadísticas de respuestas
Área País % Correcto
18,6 Mha España
98%
11,4 Mha Alemania
97%
17,3 Mha Francia
97%
190,5 Mha Rusia
96%
12,2 Mha Noruega
94%
28,0 Mha Suecia
94%
9,57 Mha Italia
93%
22,4 Mha Finlandia
92%
9,48 Mha Polonia
91%
9,69 Mha Ucrania
88%
No se encontraron pruebas coincidentes
Distribución de puntuación
Porcentaje de gente con cada puntuación
Porcentaje por número respondido
Historial de tus puntuaciones
No has intentado esta prueba desde el último reinicio